Name that shoe - Statistics

General Stats
  • This quiz has been taken 249 times
  • The average score is 3 of 8
Answer Stats
Hint Answer % Correct
His shoes are the most famous and worn today Michael Jordan
86%
Has the most shoes made with Nike Lebron James
75%
The face of Under Armour Steph Curry
68%
his shoe is the most popuar out of Anta Klay Thompson
36%
This player just got his signature shoes released this year Paul George
27%
Has the most shoes made with Jordan Carmelo Anthony
22%
His shoe is the face of reebok Shaquille o'neal
21%
Went from adidas to jordan John Wall
5%
No matching quizzes found
Score Distribution
Percent of People with Each Score
Percentile by Number Answered
Your Score History
You have not taken this quiz